Exploration and analysis of DNA microarray and protein array data (Record no. 42366)

MARC details
000 -LEADER
fixed length control field 00478nam a2200169Ia 4500
020 ## - INTERNATIONAL STANDARD BOOK NUMBER
ISBN 0471273988
082 ## - DEWEY DECIMAL CLASSIFICATION NUMBER
Classification number 577.213.32
Item number AMA
100 ## - MAIN ENTRY--AUTHOR NAME
Personal name Amaratunga, Dhammika
245 #0 - TITLE STATEMENT
Title Exploration and analysis of DNA microarray and protein array data
260 ## - PUBLICATION, DISTRIBUTION, ETC. (IMPRINT)
Place of publication New Jersey
Name of publisher John Wiley & SOns
Year of publication 2004
650 ## - SUBJECT ADDED ENTRY--TOPICAL TERM
Topical Term DNA microarrays
650 ## - SUBJECT ADDED ENTRY--TOPICAL TERM
Topical Term Genomics
650 ## - SUBJECT ADDED ENTRY--TOPICAL TERM
Topical Term Protein arrays
700 ## - ADDED ENTRY--PERSONAL NAME
Personal name Cabrera, Javier
942 ## - ADDED ENTRY ELEMENTS (KOHA)
Koha item type Books
Holdings
Withdrawn status Lost status Damaged status Not for loan Home library Current library Date acquired Full call number Accession Number Koha item type
        RRII Library RRII Library 16/12/2021 577.213.32 AMA 22640 Books